2012 2NE1 Global Tour New Evolution in Seoul = K-pop (Record no. 1313171)

MARC details
000 -LEADER
fixed length control field 00516nam a2200193Ia 4500
005 - DATE AND TIME OF LATEST TRANSACTION
control field 20250507125806.0
008 - FIXED-LENGTH DATA ELEMENTS--GENERAL INFORMATION
fixed length control field 008 250505s9999 xx 000 0 kor d
020 ## - INTERNATIONAL STANDARD BOOK NUMBER
International Standard Book Number 8803581194517
037 ## - SOURCE OF ACQUISITION
Stock number Audio
040 ## - CATALOGING SOURCE
Original cataloging agency EASL
Language of cataloging eng
Transcribing agency EASL
041 ## - LANGUAGE CODE
Language code of text/sound track or separate title kor
Source of code eng
084 ## - COLON CLASSIFICATION NUMBER
Classification number CD00191-192
Assigning agency EASL
245 #0 - TITLE STATEMENT
Title 2012 2NE1 Global Tour New Evolution in Seoul = K-pop
365 ## - TRADE PRICE
Price type code £
Price amount 35.67 (Total)
490 ## - SERIES STATEMENT
Volume/sequential designation V. 1
650 ## - SUBJECT ADDED ENTRY--TOPICAL TERM
Topical term or geographic name entry element Korean
942 ## - ADDED ENTRY ELEMENTS (KOHA)
Koha item type Audio Visual Collection
Classification part CD00191-192

No items available.

Copyright @ Delhi University Library System